[Event "70th RUS-ch Superfinal Men 2017"]
[Site "St. Petersburg"]
[Date "2017.12.12"]
[Round "9"]
[White "Volkov, Sergey"]
[Black "Fedoseev, Vladimir"]
[Result "0-1"]
[WhiteElo "2645"]
[BlackElo "2718"]
[Annotator "TA"]
[PlyCount "138"]
[EventDate "2017.??.??"]
[EventType "tourn"]
[EventCountry "RUS"]
[SourceTitle "playchess.com"]
[Source "ChessBase"]
[SourceQuality "1"]

{[%evp 27,138,7,29,0,0,0,0,0,0,0,0,0,0,0,9,11,13,9,9,7,12,0,24,0,44,37,38,48,52,9,9,0,0,0,0,0,17,13,16,0,0,0,2,0,0,0,0,0,0,0,0,0,10,0,0,-26,-20,-15,-28,-30,-35,-71,-50,-63,-66,-85,-67,-72,-72,-83,-66,-66,-62,-66,-53,-66,-62,-63,-62,-65,-75,-75,-90,-91,-49,-199,-172,-206,-217,-345,-347,-366,-358,-506,-464,-506,-388,-653,-653,-652,-646,-633,-593,-753,-873,-1416,-1368,-5185,-1211,-6264,-1186,-29975,-29976]} 1. d4 Nf6 2. c4 e6 3. Nf3 d5 4. Nc3 c5 5. cxd5 Nxd5 6. e4 Nxc3 7. bxc3 cxd4 8. cxd4 Bb4+ 9. Bd2 Bxd2+ 10. Qxd2 O-O 11. Rc1 b6 {D41: Queen's Gambit Declined: Semi-Tarrasch with 5 cxd5} 12. Bd3 Bb7 (12... Ba6 13. Bxa6 Nxa6 14. O-O Qe7 15. Qe2 Qb7 16. Ne5 Rac8 17. h4 Nb8 18. Nc4 Qa6 19. Rc2 {½-½ (61) So,W (2788)-Dominguez Perez,L (2739) Saint Louis 2017}) 13. O-O Nd7 14. Qe3 h6 {[#] LiveBook: 3 Games} 15. h3 $146 ({Predecessor:} 15. e5 Rc8 16. Nd2 Qg5 17. Ne4 Qxe3 18. fxe3 Bxe4 19. Bxe4 {½-½ (41) Goganov,A (2569)-Socko,B (2654) Yerevan 2014}) 15... Nf6 16. Ne5 Qe7 17. Nc6 Bxc6 18. Rxc6 Rac8 19. Rfc1 Rxc6 20. Rxc6 Re8 21. Qc1 Rd8 22. Rc7 Qd6 23. Rc4 Nd7 24. Be2 e5 25. Rc8 Rf8 (25... Qf8 $5 26. Rxd8 Qxd8 $14) 26. d5 Nc5 27. Rc6 Qb8 28. Qc4 Rc8 29. Bg4 Rxc6 30. dxc6 Kf8 31. Bd1 Ke7 32. Bb3 Ne6 $1 33. Qa6 Qc7 34. Bd5 Nc5 35. Qe2 Kd8 36. Qd1 {Bxf7+ is the strong threat.} Qd6 37. Qh5 Qf6 38. Bxf7 Nxe4 39. Qd1+ Qd6 40. Qc2 Nf6 41. Qa4 a5 42. Bc4 Kc7 43. Qc2 Qxc6 {White must now prevent ...b5!} 44. a4 Qc5 45. Qe2 Kd6 46. Bb5 Qc1+ 47. Kh2 $1 e4 48. g3 Qc3 49. Qd1+ Nd5 50. Qg4 Qf3 51. Qd7+ Kc5 52. Qc6+ Kd4 53. Qc2 Ke5 54. Qb2+ Qc3 55. Qe2 Qd4 56. Kg2 (56. Qh5+ $15 Kd6 57. Qf5) 56... Kd6 57. Qg4 Kc5 $1 58. Qc8+ (58. Qe6 $142) 58... Kb4 $19 59. Qc2 {[#]} e3 $1 60. Qb1+ {[#]} (60. Bc6 $142 exf2 61. Qb1+ Kc5 62. Bxd5 Kxd5 63. Qb5+ Kd6 64. Qe8) 60... Ka3 $1 61. fxe3 Qd2+ 62. Kf3 $2 (62. Kh1 Nc3 63. Qa1+ Kb3 64. Be8) 62... Qxe3+ 63. Kg2 Nc3 64. Qa1+ Kb3 65. Qf1 Qd2+ 66. Kf3 Qd5+ 67. Ke3 Qg5+ (67... Nxb5 $142 68. Qf4 Nc3) 68. Kd4 Qf6+ (68... Nxb5+ $142 69. axb5 Qf6+ 70. Qxf6 gxf6) 69. Qxf6 Nxb5+ {Precision: White = 40%, Black = 67%.} 0-1

[Event "70th RUS-ch Superfinal Men 2017"]
[Site "St. Petersburg"]
[Date "2017.12.12"]
[Round "9"]
[White "Romanov, Evgeny"]
[Black "Sjugirov, Sanan"]
[Result "0-1"]
[WhiteElo "2626"]
[BlackElo "2650"]
[Annotator "TA"]
[PlyCount "74"]
[EventDate "2017.??.??"]
[EventType "tourn"]
[EventCountry "RUS"]
[SourceTitle "playchess.com"]
[Source "ChessBase"]
[SourceQuality "1"]

{[%evp 18,74,-25,-23,-25,-23,-17,-5,-20,-17,-22,-24,-19,-15,0,-13,0,0,0,-90,-75,-76,-64,-77,-3,-84,-82,-64,-68,-69,-91,-188,-48,-159,-167,-156,-157,-152,-154,-172,-166,-155,-164,-368,-369,-397,-384,-439,-439,-439,-431,-428,-425,-425,-431,-429,-412,-752,-751]} 1. c4 e5 2. Nc3 d6 3. g3 f5 4. Bg2 Nf6 5. d3 Be7 6. e4 fxe4 {A21: Englische Eröffnung} (6... c6 7. Nge2 O-O 8. h3 fxe4 9. dxe4 Be6 10. b3 Nbd7 11. Be3 a6 12. a4 b5 13. axb5 axb5 14. Rxa8 Qxa8 15. cxb5 cxb5 {½-½ (56) Grischuk,A (2792)-Bartel,M (2641) Dubai 2014}) 7. dxe4 O-O 8. Nge2 c6 9. O-O Be6 10. b3 {LiveBook: 5 Partien} a6 11. a4 a5 12. h3 Na6 13. Be3 Qd7 14. Kh2 Qe8 $146 ({Vorgänger:} 14... Rae8 15. Qd2 {0-1 (64) Cekro,E (2404)-Zude,E (2408) Germany 2017}) 15. Ra2 Nb4 16. Rd2 Qh5 {...Sg4+ ist eine echte Drohung.} 17. f3 Qf7 18. f4 (18. g4 $11) 18... Qh5 $17 19. Bg1 Bg4 20. Qe1 h6 ({Günstiger ist} 20... Qh6 $17) 21. Nc1 {[#]} (21. Bf2 $11 {bleibt in der Remisbreite.}) 21... g5 $1 22. Be3 {[#]} Bxh3 $1 {[%mdl 512]} 23. Bxh3 g4 24. fxe5 (24. Kh1 $17 {war nötig.}) 24... Qxh3+ 25. Kg1 Nh5 26. Rxf8+ Rxf8 27. Rh2 Qxg3+ 28. Qxg3 Nxg3 $40 {[%mdl 128] Schwarz greift entschieden an.} 29. Rxh6 {[#]} Rf3 $1 {[%cal Rf3e3]} ({Auf keinen Fall} 29... dxe5 30. Rg6+ Kh7 31. Rxg4 $15) 30. Bd4 $2 (30. exd6 Rxe3 31. dxe7) 30... Nc2 $19 31. N1e2 dxe5 ({Schwächer ist} 31... Nxd4 32. Nxd4 Rxc3 33. exd6 $19) 32. Bxe5 {Droht Th8+ und aus.} Bc5+ 33. Kh2 Nxe2 34. Nxe2 Rf2+ 35. Kg3 Rxe2 36. Kxg4 Kf7 37. Bf4 (37. Kf3 $142 Re3+ 38. Kf4 Rxb3 39. Rh7+ Kg6 40. Rg7+ Kh6 41. Kf5) 37... Rxe4 {Precision: Weiß = 52%, Schwarz = 89%.} 0-1

[Event "70th RUS-ch Superfinal Men 2017"]
[Site "St. Petersburg"]
[Date "2017.12.13"]
[Round "10"]
[White "Matlakov, Maxim"]
[Black "Romanov, Evgeny"]
[Result "1/2-1/2"]
[WhiteElo "2735"]
[BlackElo "2626"]
[Annotator "TA"]
[PlyCount "108"]
[EventDate "2017.??.??"]
[EventType "tourn"]
[EventCountry "RUS"]
[SourceTitle "playchess.com"]
[Source "ChessBase"]
[SourceQuality "1"]

{[%evp 17,108,31,31,27,19,30,53,43,62,64,75,68,148,147,209,204,219,208,216,215,192,96,127,94,85,100,89,61,58,0,0,0,78,53,61,55,53,45,33,22,18,0,0,0,0,0,0,0,0,0,0,0,0,0,0,0,0,0,0,0,0,0,0,0,0,0,0,0,0,0,0,0,0,0,0,0,0,0,0,0,0,0,0,0,0,0,0,0,0,0,0,0,0]} 1. d4 d5 2. c4 dxc4 3. Nf3 Nf6 4. e3 b5 5. a4 b4 6. Bxc4 {D25: Queen's Gambit Accepted: 4 e3: sidelines and 4...Bg4} e6 7. a5 a6 8. O-O Be7 9. Nbd2 Bb7 {LiveBook: 12 Games} 10. Re1 $146 ({Predecessor:} 10. Qa4+ Nfd7 11. e4 O-O 12. Rd1 {1-0 (38) Postny,E (2620)-Nabaty,T (2649) Tiberias 2016}) 10... c5 11. e4 {[%cal Be3e4,Be4e5][%mdl 32]} cxd4 12. e5 $1 {[%cal Re5f6]} Nfd7 13. Nxd4 Nc5 14. Qg4 g6 (14... g5 $14) 15. N2b3 $16 Bd5 (15... h5 $16 {keeps fighting.} 16. Qg3 Nc6 17. Nxc5 Qxd4 18. Nxb7 Qxc4) 16. Bxd5 $18 Qxd5 17. Nxc5 Bxc5 {[#]} 18. Nf3 $1 h5 19. Qf4 ({White should play} 19. Qh4 $18) 19... Nd7 20. Be3 Be7 21. Rad1 Qb5 22. Rd4 O-O 23. Red1 (23. Bd2 $14) 23... Rfd8 $11 24. h3 Nf8 (24... Rac8 $11 {remains equal.}) 25. Ng5 Bxg5 $1 26. Qxg5 Rxd4 27. Rxd4 Qxa5 28. Qf6 {[#] Intending Bh6 and mate.} Nh7 $1 {[%cal Rh7f6] The position is equal.} 29. Qf4 Qa1+ 30. Kh2 Qxb2 31. Rd7 Rf8 32. Bc5 g5 33. Qe4 b3 {Hoping for ...Qc2.} 34. Bxf8 Nxf8 {[%mdl 4096] Endgame KQR-KQN} 35. Rd8 {aiming for Qe3.} Qxf2 36. Qb4 Qf4+ 37. Qxf4 gxf4 {KR-KN} 38. Rb8 Kg7 39. Rxb3 h4 40. Kg1 {Black should prevent Kf2.} Ng6 41. Rb4 Kh6 42. Ra4 Kg5 43. Kf2 Nxe5 44. Rxa6 Ng6 45. Kf3 e5 {[%cal Be6e5,Be5e4][%mdl 32]} 46. Rb6 Kf5 47. Ra6 f6 48. Ra8 e4+ 49. Kf2 Ne5 50. Rh8 Kg5 51. Rg8+ Ng6 52. Re8 Kf5 53. Rg8 Ne5 54. Rh8 Kg5 {Precision: White = 76%, Black = 67%.} 1/2-1/2

[Event "70th RUS-ch Superfinal Men 2017"]
[Site "St. Petersburg"]
[Date "2017.12.13"]
[Round "10"]
[White "Vitiugov, Nikita"]
[Black "Dubov, Daniil"]
[Result "1/2-1/2"]
[WhiteElo "2722"]
[BlackElo "2683"]
[Annotator "TA"]
[PlyCount "54"]
[EventDate "2017.??.??"]
[EventType "tourn"]
[EventCountry "RUS"]
[SourceTitle "playchess.com"]
[Source "ChessBase"]
[SourceQuality "1"]

{[%evp 19,54,16,20,27,21,17,35,35,36,48,68,42,54,49,46,47,43,45,59,58,72,50,73,63,61,50,43,32,47,43,84,47,49,18,29,17,47]} 1. e4 g6 2. d4 Bg7 3. Nc3 d6 4. Nf3 Nf6 5. Bc4 O-O 6. O-O Nxe4 7. Nxe4 d5 8. Bd3 {[%cal Bc4d3,Bd3e4,Be4c2,Bc2b3][%mdl 32]} dxe4 9. Bxe4 Nd7 {[%cal Bb8d7,Bd7e5,Be5c4][%mdl 32]} 10. c3 c5 {LiveBook: 14 Games} 11. Bc2 {B08: Pirc Defence: Classical System} (11. Re1 cxd4 12. Nxd4 Nc5 13. Bc2 Qc7 14. Bg5 Ne6 15. Nxe6 Bxe6 16. Bb3 Bxb3 17. Qxb3 e6 18. Rad1 h6 19. Be3 b6 20. Qa4 Rfd8 {½-½ (20) Rabiega,R (2501)-Fridman,D (2652) Germany 2011}) 11... cxd4 12. Nxd4 Ne5 $146 ({Predecessor:} 12... Nf6 13. h3 e5 14. Nb3 Qc7 15. Qf3 Be6 16. Rd1 a5 17. Bg5 Nh5 18. Qe3 f6 19. Qc5 Qf7 20. Be3 Rfc8 21. Qb5 {1-0 (39) Garnelis,J (2228)-Tristan,L (2412) Puerto Madryn 2009}) 13. Qe2 {White is slightly better.} Bg4 14. Qe4 Qc8 15. Bb3 e6 16. Bf4 Bf5 17. Qe3 Nc4 18. Qe2 Na5 19. Nxf5 gxf5 20. Rfd1 Nxb3 21. axb3 e5 22. Be3 $36 {[%mdl 2048] White has the initiative.} ({And not} 22. Bxe5 Re8 $17) 22... b6 23. f4 Qe6 {[#] Hoping for ...exf4.} 24. Qc4 Qg6 25. fxe5 Bxe5 26. Bf4 Rfe8 27. Rf1 Bxf4 {Precision: White = 55%, Black = 56%.} 1/2-1/2

[Event "70th RUS-ch Superfinal Men 2017"]
[Site "St. Petersburg"]
[Date "2017.12.13"]
[Round "10"]
[White "Fedoseev, Vladimir"]
[Black "Svidler, Peter"]
[Result "0-1"]
[WhiteElo "2718"]
[BlackElo "2765"]
[Annotator "TA"]
[PlyCount "140"]
[EventDate "2017.??.??"]
[EventType "tourn"]
[EventCountry "RUS"]
[SourceTitle "playchess.com"]
[Source "ChessBase"]
[SourceQuality "1"]

{[%evp 17,140,28,16,7,23,6,5,-13,-12,-8,0,-4,25,22,29,0,0,0,0,-13,0,0,-7,-18,0,0,0,0,0,0,0,-19,0,-70,-62,-60,-50,-80,-78,-67,0,0,0,0,0,0,11,12,12,0,0,0,0,0,4,0,0,-8,-8,-14,0,-7,-10,-6,-9,-40,-25,-25,0,0,0,0,0,0,0,0,0,0,0,0,0,0,0,0,0,0,0,0,0,0,0,0,0,0,0,0,0,-89,-89,-89,-89,-89,-89,-89,-89,-89,-89,-89,0,-12843,-12843,-12844,-12844,-12845,-12845,-12846,-12846,-12847,-12847,-12850,-12850,-12850,-29974,-12851,-29981]} 1. d4 Nf6 2. c4 g6 3. g3 c5 4. Nf3 Bg7 5. Bg2 cxd4 6. Nxd4 O-O 7. Nc3 Nc6 8. O-O Qa5 9. Nb3 Qh5 10. c5 {A39: Symmetrical English vs ...g6: 4 Bg2 Bg7 5 Nf3 Nf6 6 0-0 0-0 7 d4} a5 ({But not} 10... Ng4 $6 11. h3 $16) 11. e3 a4 12. Nd4 $146 {The position is equal.} ({Predecessor:} 12. Qxh5 Nxh5 13. Nd4 Nxd4 14. exd4 Bxd4 15. Nd5 a3 16. Rb1 Bxc5 17. Bh6 Rd8 {½-½ (61) Aronian,L (2797)-Bacrot,E (2718) Beijing 2014}) 12... Qxc5 13. Nxa4 Qa5 14. b3 e5 15. Bd2 Qa6 16. Nc5 Qa7 17. Nxc6 dxc6 18. Qc2 Rd8 19. b4 b6 $36 {[%mdl 2048] Black has good play.} 20. Ne4 Bf5 21. Nxf6+ Bxf6 22. e4 Qa4 23. Rfc1 Be6 24. h4 h5 25. Qc3 (25. Qxa4 $11 Rxa4 26. Be3) 25... c5 $15 26. bxc5 bxc5 27. Bg5 Bxg5 28. hxg5 Qd4 (28... c4 $15) 29. Qxc5 $11 Rxa2 30. Rxa2 Bxa2 31. Bf3 Qxc5 (31... Rb8 {is more complex.} 32. Rc2 Qd3 33. Qc3 Rb1+ 34. Kh2 Qxc3 35. Rxc3 Rb3) 32. Rxc5 {[%mdl 4096] Endgame KRB-KRB} Re8 33. Bd1 Re7 34. Bc2 Kg7 35. f4 f6 36. Rc6 fxg5 37. f5 gxf5 38. exf5 Kf8 39. Rh6 Rc7 40. Be4 Rc4 41. Bg2 e4 {[#] Strongly threatening ...Rc1+.} 42. Rf6+ $1 Kg7 43. Rg6+ Kf7 {aiming for ...Rc1+.} 44. Rxg5 Rc1+ 45. Kf2 Rc2+ 46. Kg1 Rc1+ 47. Kf2 Rc2+ 48. Kg1 e3 49. Bf3 Rc1+ 50. Kg2 $1 Rc2+ 51. Kg1 Rf2 52. Bxh5+ Kf6 53. Rg4 Rc2 {...Rc1+ is the strong threat.} 54. Rd4 Bc4 55. Rd1 Kg5 56. Bf3 Rf2 57. Bg2 {[#]} (57. Rc1 $11 {remains equal.}) 57... e2 $1 $17 58. Re1 Rxf5 {White must now prevent ...Kg4.} 59. Bh3 Rf3 60. Bg2 Rf8 {And now ...Kg4 would win.} 61. Bh3 Bd3 62. Ra1 Bc4 ({Black should play} 62... Rf6 $17 63. Ra5+ Kh6) 63. Ra5+ $2 {[%mdl 8192]} (63. Re1 $11) 63... Kf6 $19 64. Ra1 Ke5 65. g4 Kd4 66. g5 Kc3 67. Kh2 Kd2 68. Kg3 e1=Q+ 69. Rxe1 Kxe1 70. Bg4 Bd3 {Precision: White = 63%, Black = 65%.} 0-1

[Event "70th RUS-ch Superfinal Men 2017"]
[Site "St. Petersburg"]
[Date "2017.12.13"]
[Round "10"]
[White "Inarkiev, Ernesto"]
[Black "Tomashevsky, Evgeny"]
[Result "1/2-1/2"]
[WhiteElo "2689"]
[BlackElo "2713"]
[Annotator "TA"]
[PlyCount "277"]
[EventDate "2017.??.??"]
[EventType "tourn"]
[EventCountry "RUS"]
[SourceTitle "playchess.com"]
[Source "ChessBase"]
[SourceQuality "1"]

{[%evp 32,277,29,20,45,50,33,37,49,41,47,43,45,46,64,63,59,55,79,49,48,32,57,50,76,76,87,84,81,81,81,0,154,158,145,43,41,35,50,35,46,0,0,0,16,8,8,8,8,8,8,8,8,8,8,8,8,8,8,0,8,8,20,33,14,18,97,159,143,69,382,43,437,437,520,520,520,520,530,543,591,591,591,591,591,591,591,591,591,591,591,591,591,591,591,591,591,591,591,591,591,591,591,0,591,591,591,591,591,591,591,591,591,591,591,591,591,591,591,591,591,591,591,591,591,591,591,591,591,591,591,591,591,591,591,591,591,591,591,591,591,0,591,0,591,591,591,591,591,591,591,591,591,591,591,591,591,591,591,0,591,0,591,591,591,472,472,472,472,472,472,472,472,472,472,472,472,472,472,472,472,434,472,434,434,434,434,434,434,434,434,434,434,8,434,59,434,8,8,8,8,8,8,8,8,8,8,8,8,8,8,0,8,0,8,8,8,8,8,8,8,8,8,8,8,8,8,8,8,8,8,0,8,0,8,0,8,0,8,8,8,8,8,0,8,0,8,0]} 1. e4 e5 2. Nf3 Nc6 3. Bb5 a6 4. Ba4 Nf6 5. O-O Be7 6. Re1 b5 7. Bb3 O-O 8. d4 d6 9. c3 Bg4 10. Be3 exd4 11. cxd4 Na5 12. Bc2 c5 13. h3 Bh5 {C91: Closed Ruy Lopez: 7...d6 8 c3 0-0 9 d4} 14. g4 (14. Nbd2 cxd4 15. Bxd4 Nc6 16. Bc3 Rc8 17. a3 Nd7 18. Nf1 Bf6 19. Ng3 Bxf3 20. Qxf3 Nd4 21. Qd1 Nxc2 22. Qxc2 Bxc3 23. bxc3 Qf6 24. Qd2 Ne5 25. Red1 Nc4 26. Qd4 Qxd4 27. Rxd4 g6 {½-½ (27) Nguyen,N (2634)-Tomashevsky,E (2758) Baku 2015}) 14... Bg6 15. Nbd2 Rc8 16. d5 Nd7 17. Nh2 {LiveBook: 3 Games} Bf6 18. Rb1 Re8 19. f4 {Threatens to win with f5.} h6 $1 20. Bf2 $146 ({Predecessor:} 20. Nhf3 c4 21. f5 {½-½ (53) Mammadzada,G (2368)-Szczepkowska,K (2414) Khanty-Mansiysk 2017}) 20... Bh4 21. Bxh4 Qxh4 22. Kg2 Qd8 23. b3 Bh7 24. Ndf3 b4 25. Qd2 c4 26. f5 ({Much worse is} 26. Qxb4 cxb3 27. Bxb3 Nxb3 $15) 26... cxb3 27. axb3 Qb6 28. Nd4 Rc3 29. Re3 Rxe3 30. Qxe3 Nf6 {[#]} 31. Qd2 (31. Qf2 $1 $16) 31... Nxe4 $2 ({Black should try} 31... Nb7 $1 $11) 32. Bxe4 $16 Rxe4 {[#]} 33. Nhf3 (33. Re1 $1 $16 {[%cal Re1e4]} Rxe1 34. Qxe1) 33... Nb7 $1 $14 34. Re1 {[%mdl 1024] White has compensation.} Nc5 35. Nc6 a5 36. Nfd4 {aiming for h4.} (36. Re3 $5 {[%cal Rd2e2]}) 36... Kh8 $1 37. Kf3 {[%cal Bg2f3,Bf3e3,Be3e4][%mdl 32]} Qa6 38. Rxe4 Qf1+ 39. Ke3 Qxh3+ 40. Nf3 Nxe4 41. Kxe4 {And now Qf4 would win.} Qxg4+ 42. Qf4 Bxf5+ $1 43. Ke3 Qxf4+ $1 44. Kxf4 Bc2 $132 {[%mdl 2048] Black has counterplay} 45. Nfd4 g5+ 46. Ke3 a4 47. bxa4 Bxa4 {Strongly threatening ...b3.} 48. Nxb4 Kg7 (48... Bd7 $11) 49. Nf5+ $16 Kg6 50. Nxd6 Bb3 $2 {[%mdl 8192]} (50... h5 $14) 51. Ke4 $2 (51. Ne4 $18) 51... f5+ $2 {[%mdl 8192]} ({Black should play} 51... h5 $14) 52. Nxf5 $18 Bxd5+ 53. Nxd5 h5 54. Nde3 Kf7 55. Ke5 g4 56. Nh4 Ke7 57. Nef5+ Kd7 58. Kd5 Kc7 59. Kc5 Kd7 60. Nd4 Ke7 61. Kd5 Kf6 62. Ne6 Ke7 63. Nf4 Kd7 64. Nfg6 Kc7 65. Ne5 Kb7 66. Nc6 Kc7 67. Ne5 Kb7 68. Kd6 Kb6 69. Nc6 Kb5 70. Kd5 Kb6 71. Nd4 Kc7 72. Ke6 Kb6 73. Kd6 Kb7 74. Nb5 Kb6 75. Nc3 Kb7 76. Nd5 Ka6 77. Kc5 Ka5 78. Nb6 Ka6 79. Nc4 Kb7 80. Kd6 Kc8 81. Ne5 Kb7 82. Nd7 Ka6 83. Kc5 Kb7 84. Ne5 Kc7 85. Nc6 Kd7 86. Kd5 Kc7 87. Ne5 Kb7 88. Kc4 Kc7 89. Kc5 Kb7 90. Nc4 Kc7 91. Nb6 Kd8 92. Nd5 Kd7 93. Nf4 Kc7 94. Ne6+ Kd7 95. Kd5 Ke7 $1 96. Nf4 $2 (96. Ke5 $18 Kd7 97. Nf4) 96... Kf6 $2 {[%mdl 8192]} (96... Kd7 $1 $11) 97. Nfg2 Kf7 98. Nf5 h4 99. Nfxh4 g3 100. Nf5 Kf6 101. Nd4 Ke7 102. Kc6 Kd8 103. Nf5 Kc8 104. Ne7+ Kb8 105. Nd5 Ka7 106. Nc7 Kb8 107. Kb6 Kc8 108. Na6 Kd7 109. Kc5 Ke6 110. Kc6 Ke5 111. Nc5 Kd4 112. Ne6+ $2 (112. Kd6 $18 Kc4 113. Ne6) 112... Kc4 $2 {[%mdl 8192]} (112... Ke4 $1 $11 {and Black is okay.}) 113. Nef4 $2 (113. Kd6 $18 Kd3 114. Nef4+ Kd4 115. Ke6) 113... Kb4 $2 {[%mdl 8192]} (113... Kd4 $1 $14) 114. Kb6 $2 (114. Ne2 $18 Kc4 115. Kd6) 114... Kc4 $1 $11 {The position is equal.} 115. Ne3+ Kd4 116. Nfg2 Ke5 117. Kc6 Ke6 118. Nd5 Ke5 119. Ndf4 Ke4 120. Kb5 Kd4 121. Kc6 Ke4 122. Kb5 Kd4 123. Kb4 Ke4 124. Kc4 Ke5 125. Kc5 Ke4 126. Kd6 Kd4 127. Ne6+ Ke4 128. Ng5+ Kf5 129. Nh3 Ke4 130. Kc5 Kf3 131. Nhf4 Ke4 132. Kd6 Kd4 133. Ne6+ Ke4 134. Ng5+ Kf5 135. Nf3 $1 Ke4 136. Ne5 Kd4 137. Nf3+ Ke4 138. Ne5 Kd4 139. Nf3+ {Precision: White = 69%, Black = 36%.} 1/2-1/2

[Event "70th RUS-ch Superfinal Men 2017"]
[Site "St. Petersburg"]
[Date "2017.12.13"]
[Round "10"]
[White "Malakhov, Vladimir"]
[Black "Volkov, Sergey"]
[Result "1-0"]
[WhiteElo "2686"]
[BlackElo "2645"]
[Annotator "TA"]
[PlyCount "75"]
[EventDate "2017.??.??"]
[EventType "tourn"]
[EventCountry "RUS"]
[SourceTitle "playchess.com"]
[Source "ChessBase"]
[SourceQuality "1"]

{[%evp 14,75,27,23,45,48,44,31,65,46,43,25,44,37,53,33,43,27,108,108,141,139,278,272,254,162,181,179,743,664,652,611,591,529,528,533,660,423,827,799,714,650,819,690,821,816,758,785,725,327,5406,5397,5289,5089,2192,1943,1572,440,1551,1447,1374,1361,1305,1316]} 1. Nf3 d5 2. e3 Nf6 3. c4 c6 4. Nc3 a6 5. h3 g6 6. d4 Bg7 7. Bd3 {D94: Grünfeld: 4 Nf3 Bg7 5 e3} b5 8. b3 {LiveBook: 4 Games} Bf5 $146 ({Predecessor:} 8... O-O 9. O-O bxc4 10. bxc4 c5 11. Nxd5 Nxd5 12. cxd5 Qxd5 13. Ba3 cxd4 14. Bxe7 Re8 15. e4 Qd7 16. Ba3 {½-½ (16) Tukmakov,V (2581)-Delchev,A (2548) Pula 1999}) 9. Bxf5 {White is slightly better.} gxf5 10. Qc2 Ne4 11. O-O O-O 12. a4 {[%cal Ra4b5]} bxc4 13. bxc4 e6 14. Ba3 $36 {[%mdl 2048] White is more active.} Re8 15. Ne5 {[%cal Bf3e5,Be5d3,Bd3f4][%mdl 32]} c5 {[#]} (15... Bxe5 $11 {remains equal.} 16. dxe5 Nd7) 16. cxd5 $1 $16 cxd4 17. Nxe4 d3 (17... fxe4 $16 {was called for.} 18. dxe6 (18. Qxe4 $2 exd5 19. Qxd4 Rxe5 $19) 18... Rxe6 19. exd4 (19. Qxe4 Nc6 $11) 19... Nd7) 18. Nxd3 $18 ({Worse is} 18. Qxd3 fxe4 19. Qd1 (19. Qxe4 exd5 20. Qf3 Rxe5 $17) 19... Bxe5 $17) 18... fxe4 19. Nf4 {And now dxe6! would win.} Bxa1 20. dxe6 ({But not} 20. Rxa1 $6 e5 $16) 20... Bf6 $2 (20... fxe6 21. Rxa1 (21. Qxe4 Ra7 $16) 21... Ra7 22. Qxe4 e5) 21. exf7+ Kxf7 22. Qb3+ Kg7 23. Qb7+ Qd7 24. Qxa8 Qxa4 25. Qb7+ Kg8 (25... Qd7 $142 26. Qb1 Kh8) 26. Qd5+ Kh8 27. Bd6 Nd7 28. Rb1 Ne5 29. Bxe5 Bxe5 30. Ne6 Bb2 31. Qb7 (31. Ng5 $142 {Intending Qf7 and mate.} h6 32. Nf7+ Kh7 33. Qh5) 31... Be5 $2 (31... Qa2 32. Rxb2 Qxe6) 32. Ng5 {[%csl Gg5][%cal Rb7h7] [#] White is clearly winning.} Bg7 33. Qd5 {Nf7+ would kill now.} h6 34. Nf7+ Kh7 35. Qf5+ Kg8 {Now ...Qc6 and Black clings on.} 36. Qg6 Qd7 37. Nd6 {White wants to mate with Rb7.} Rf8 38. Rb7 {Precision: White = 63%, Black = 35%.} 1-0

[Event "70th RUS-ch Superfinal Men 2017"]
[Site "St. Petersburg"]
[Date "2017.12.13"]
[Round "10"]
[White "Sjugirov, Sanan"]
[Black "Riazantsev, Alexander"]
[Result "0-1"]
[WhiteElo "2650"]
[BlackElo "2650"]
[Annotator "TA"]
[PlyCount "62"]
[EventDate "2017.??.??"]
[EventType "tourn"]
[EventCountry "RUS"]
[SourceTitle "playchess.com"]
[Source "ChessBase"]
[SourceQuality "1"]

{[%evp 16,62,13,16,15,8,52,48,47,52,56,48,61,62,51,67,72,41,56,12,10,11,11,11,11,10,16,8,12,-81,-56,-69,-39,-83,-85,-297,-285,-558,-543,-685,-693,-654,-351,-350,-348,-667,-537,-523,-522]} 1. c4 e6 2. Nc3 d5 3. d4 Nf6 4. cxd5 Nxd5 5. e4 Nxc3 6. bxc3 c5 7. Rb1 Be7 {D35: Damengambit (Abtauschvariante)} 8. Bb5+ (8. Nf3 O-O 9. Bc4 Qc7 10. Qe2 a6 11. O-O b5 12. Bd3 Bb7 13. a4 bxa4 14. Bf4 Qc8 15. d5 exd5 16. exd5 {1-0 (29) Carlsen,M (2832)-So,W (2815) chess.com INT 2017}) 8... Bd7 9. Nf3 {LiveBook: 3 Partien} O-O {Die Stellung ist ausgeglichen.} 10. O-O Nc6 $146 ({Vorgänger:} 10... Qc7 11. Qe2 a6 12. Bd3 Re8 13. e5 Bc6 14. Ng5 Bxg5 15. Bxg5 {0-1 (71) Drnovsek,G (2421)-Lenic,L (2646) Slovenia 2017}) 11. Bf4 a6 12. Bd3 cxd4 13. cxd4 Nb4 14. Be2 Rc8 15. Rb2 Bc6 16. a3 f5 $1 {[%cal Rf5e4]} 17. d5 (17. axb4 fxe4 18. Ne5 Rxf4 $15) (17. exf5 $5 {[%cal Ra3b4]} Nd5 18. Bd2 $14) 17... fxe4 18. dxc6 Nxc6 {[%cal Bb4c6,Bc6e5,Be5d3,Bd3f2][%mdl 32]} 19. Rd2 Qe8 20. Ng5 Rxf4 21. Nxe6 Rf6 22. Bh5 (22. Ng5 $11) 22... g6 $17 23. Bg4 Ne5 $1 $36 {[%mdl 2048] Weiss muss nun ...Tc3 beachten. Schwarz hat Initiative.} 24. Bh3 Rc3 ({Bitte nicht} 24... Bxa3 $6 25. Nc7 $1 $14 {[%mdl 512]}) 25. Rd5 $2 {[#]} (25. Ng5 $17 e3 26. Ne4 exd2 27. Nxc3) 25... Nd3 $1 $19 {Droht ...Dc6 und aus.} 26. Rd4 $2 (26. Ng5 Rc1 27. Qb3 Rxf1+ 28. Kxf1 Rxf2+ 29. Kg1) 26... Qc6 27. Qe2 Rc2 28. Qxe4 Qxe4 29. Rxe4 Nxf2 (29... Rcxf2 $2 30. Rb1 $19) 30. Nd4 $2 (30. Re3) 30... Nxe4 31. Rxf6 Bc5 {Precision: Weiß = 28%, Schwarz = 85%.} ({Nicht} 31... Bxf6 32. Be6+ Kf8 33. Nxc2 $17) 0-1